Introduction to Fortran 77 and the Personal Computer /

Saved in:
Bibliographic Details
Main Authors: Hammond, Robert H (Author), Rogers, William B (Author), Crittenden, John B (Author)
Format: Book
Language:English
Published: New York : McGraw-Hill, 1987
Tags: Add Tag
No Tags, Be the first to tag this record!

MARC

LEADER 00000nam a22000003a 4500
001 stu21032
005 20150617225749.2
008 930201s1987----xxu-----------------eng-d
020 |a 0-07-025912-7 
040 |a STU  |b slo 
041 0 |a eng 
044 |a xxu 
080 |a 681.3.06 
100 1 |a Hammond, Robert H  |4 aut 
245 1 |a Introduction to Fortran 77 and the Personal Computer /  |c [aut.]Hammond,Robert H., Rogers,William B., Crittenden,John B 
260 |a New York :  |b McGraw-Hill,  |c 1987 
300 |a 413 s :  |b Tab.,grafy,index 
700 1 |a Rogers, William B  |4 aut 
700 1 |a Crittenden, John B  |4 aut 
996 |b C90822  |c C*90822  |l CCXX  |s P  |a 0  |w stu21032_0001 
996 |b C91034  |c C*91034  |l CCV  |s P  |a 0  |w stu21032_0002